Jantarové oči /

Hlavní autor: Kvasnica, Jaroslav, 1953-
Další autoři: Chludil, Filip, 1976-, Kunc, Ludvík, 1934-2021
Jazyk: Čeština
Vydáno: Litvínovice : Élysion, 2019
Vydání: Vydání druhé
Témata:
vlk
Fyzický popis: 335 stran : barevné ilustrace ; 26 cm
Knihy
Uloženo v:
LEADER 01909nam a2200577 i 4500
001 nkc20193093456
003 CZ PrNK
005 20250716073021.0
007 ta
008 190425s2019 xr a e f 000 j cze
015 |a cnb003093456 
020 |a 978-80-87757-14-7  |q (vázáno) 
035 |a (OCoLC)1111949221 
040 |a BOA001  |b cze  |e rda 
072 7 |a 59  |x Zoologie  |2 Konspekt  |9 2 
080 |a 599.744.111.1  |2 MRF 
080 |a 599.744.1  |2 MRF 
080 |a 502.172:592/599  |2 MRF 
080 |a 591.5  |2 MRF 
080 |a (0.062)  |2 MRF 
080 |a (0:82-32)  |2 MRF 
100 1 |a Kvasnica, Jaroslav,  |d 1953-  |7 jk01071174  |4 aut 
245 1 0 |a Jantarové oči /  |c Jaroslav Monte Kvasnica 
250 |a Vydání druhé 
264 1 |a Litvínovice :  |b Élysion,  |c 2019 
300 |a 335 stran :  |b barevné ilustrace ;  |c 26 cm 
336 |a text  |b txt  |2 rdacontent 
336 |a statický obraz  |b sti  |2 rdacontent 
337 |a bez média  |b n  |2 rdamedia 
338 |a svazek  |b nc  |2 rdacarrier 
500 |a "Fotografie: Filip Chludil, ilustrace: Ludvík Kunc" 
504 |a Obsahuje bibliografii 
650 0 7 |a vlk  |7 ph128313  |2 czenas 
650 0 7 |a psovití  |7 ph124775  |2 czenas 
650 0 7 |a ochrana živočichů  |7 ph135419  |2 czenas 
650 0 7 |a etologie  |7 ph114495  |2 czenas 
650 0 9 |a wolf  |2 eczenas 
650 0 9 |a Canidae  |2 eczenas 
650 0 9 |a animal conservation  |2 eczenas 
650 0 9 |a ethology  |2 eczenas 
655 7 |a populárně-naučné publikace  |7 fd131864  |2 czenas 
655 7 |a příběhy  |7 fd133204  |2 czenas 
655 9 |a popular works  |2 eczenas 
655 9 |a stories  |2 eczenas 
700 1 |a Chludil, Filip,  |d 1976-  |7 pna2009551199  |4 pht 
700 1 |a Kunc, Ludvík,  |d 1934-2021  |7 jk01070875  |4 ill 
910 2 |a BOA001  |b 2-1428.333 
990 |a BK 
995 |a 01 
991 |b 201905  |c NOV 
996 6 |b 2610779902  |c 2-1428.333  |l MZK  |r Sklad / do 1 hodiny  |n 0  |p p.v.  |w 001720712  |u 000010  |a 1  |e BOA001  |j MZK50  |s P